00751nam a22002297a 450000500170000001000130001702000100003003500130004003700160005304000120006908200110008110000300009224500540012226000440017627000500022030000280027065000250029865000410032394200200036499900190038495201180040320170124110058.0 aB-009905 c00.00 aB-009905 bCen Lib/Ret aDPLbEN aSbWYS aWyss, Johann David926798 aThe Swiss family Robinson /cby Johann David Wyss aNew DelhibVikas Publishing Housec1999 a576, Masjid Road, JangpurabNew Delhie110014 a165p. :c21cm(Hb)bill. aSwiss fiction926799 aSwiss fiction -- 18th century926800 2ddccENhSmWYS c129582d129582 00104070aLbLd2015-07-07eCen Lib/Retg0.00l0oS WYSpB-009905r2015-07-07 00:00:00t1v0.00w2015-07-07yEN